000 00646nam a2200253Ia 4500
003 OSt
005 20221007103313.0
006 a|||||r|||| 00| 0
007 ta
008 221006b |||||||| |||| 00| 0 hin d
024 _a12,766
037 _cTextual
040 _aLCO
_cLCO
_bhin
041 _2hin
_ahin
082 _aZ2,5q, P2
100 _aMishr S.N.
_9705024
245 0 _aBhartiya Dhand Sanhita
250 _a15th
260 _aAllahabad
_bAllahabad Law Agency Publication India
_c2002
300 _a610
650 _aINDIAN PENAL CODE
942 _hZ2,5q, P2
_cTEXL
999 _c1182329
_d1182329